Residential Fuel Policy and the environment / (Registro nro. 8021)
[ vista simple ]
| 000 -LEADER | |
|---|---|
| fixed length control field | 01261nam a2200253Ia 4500 |
| 003 - CONTROL NUMBER IDENTIFIER | |
| control field | OSt |
| 005 - DATE AND TIME OF LATEST TRANSACTION | |
| control field | 20210608150233.0 |
| 008 - FIXED-LENGTH DATA ELEMENTS--GENERAL INFORMATION | |
| fixed length control field | 210310s1974 eu ad gr 000 0deng d |
| 040 ## - CATALOGING SOURCE | |
| Original cataloging agency | CO-JMCR |
| Transcribing agency | CO-JMCR |
| 041 0# - LANGUAGE CODE | |
| Language code of text/sound track or separate title | eng |
| 082 04 - DEWEY DECIMAL CLASSIFICATION NUMBER | |
| Classification number | 333.82 / |
| Item number | C678r |
| Edition number | 23 |
| 100 1# - MAIN ENTRY--PERSONAL NAME | |
| Personal name | Cohen, Alan S., |
| 9 (RLIN) | 16107 |
| Relator term | autor |
| 245 10 - TITLE STATEMENT | |
| Title | Residential Fuel Policy and the environment / |
| Statement of responsibility, etc. | Alan S Cohen, Gideon Fishelson, John L. Gardner |
| 260 ## - PUBLICATION, DISTRIBUTION, ETC. | |
| Place of publication, distribution, etc. | Cambridge : |
| Name of publisher, distributor, etc. | Ballinger Publishing Company, |
| Date of publication, distribution, etc. | 1974 |
| 300 ## - PHYSICAL DESCRIPTION | |
| Extent | xiii, 173 páginas : |
| Other physical details | ilustraciones y gráficas a blanco y negro ; |
| Dimensions | 23 cm. |
| 500 ## - GENERAL NOTE | |
| General note | Incluye notas biográficas de los autores. |
| 505 0# - FORMATTED CONTENTS NOTE | |
| Formatted contents note | The setting -- Social Costs of Residential Fuel Policies -- Air Quality Impacts -- Benefits of Residential Fuel Policies -- Distribution of Benefits and Costs -- Summary and Conclusions -- Chicago Area Air Quality Regulations -- The Coal User Survey |
| 650 14 - SUBJECT ADDED ENTRY--TOPICAL TERM | |
| Topical term or geographic name entry element | Viviendas |
| 9 (RLIN) | 16109 |
| General subdivision | Calefacción y ventilación |
| -- | Aspectos medioambientales |
| Geographic subdivision | Estados Unidos |
| 650 24 - SUBJECT ADDED ENTRY--TOPICAL TERM | |
| Topical term or geographic name entry element | Combustible |
| General subdivision | Precios |
| Geographic subdivision | Estados Unidos |
| 9 (RLIN) | 38203 |
| 650 24 - SUBJECT ADDED ENTRY--TOPICAL TERM | |
| Topical term or geographic name entry element | Política energética |
| General subdivision | Aspectos medioambientales |
| Geographic subdivision | Estados Unidos |
| 9 (RLIN) | 38204 |
| 700 1# - ADDED ENTRY--PERSONAL NAME | |
| Personal name | Fishelson, Gideon, |
| Relator term | autor |
| 9 (RLIN) | 38205 |
| 700 1# - ADDED ENTRY--PERSONAL NAME | |
| Personal name | Gardner, John L., |
| Relator term | autor |
| 9 (RLIN) | 38206 |
| 942 ## - ADDED ENTRY ELEMENTS (KOHA) | |
| Source of classification or shelving scheme | Dewey Decimal Classification |
| Koha item type | Books |
| Withdrawn status | Lost status | Source of classification or shelving scheme | Damaged status | Not for loan | Collection code | Home library | Current library | Date acquired | Source of acquisition | Full call number | Barcode | Date last seen | Copy number | Koha item type |
|---|---|---|---|---|---|---|---|---|---|---|---|---|---|---|
| Dewey Decimal Classification | Non-fiction | Biblioteca Pública José María del Castillo y Rada | Biblioteca Pública José María del Castillo y Rada | 04/15/2018 | Donación | 333.82 / C678r | 430003679 | 05/16/2024 | Ej.1 | Books |